[Event "It (open)"]
[Site "masterchessopen.com – Philadelphia (USA)"]
[Round "0"]
[White "Atutubo Rodrigo (PHI)"]
[Black "Shirazi Kamran (FRA)"]
[Result "0-1"]
[WhiteElo "2312"]
[BlackElo "2395"]

1.e4 c5 2.Nf3 Nc6 3.d4 cxd4 4.Nxd4 Nf6 5.Nc3 d6 6.Bc4 Bd7 7.Bb3 a6 8.O-O g6
9.Re1 Bg7 10.Bg5 O-O 11.Nxc6 Bxc6 12.Nd5 Bxd5 13.exd5 Re8 14.c4 Nd7 15.Ba4 Rb8
16.Bxd7 Qxd7 17.Rb1 b5 18.b3 h5 19.h3 a5 20.Qd3 Rb7 21.Rbc1 a4 22.c5 dxc5
23.Rxc5 axb3 24.Qxb3 Bd4 25.Rc2 Qf5 26.Be3 Be5 27.Bc5 Rd8 {#R} 0-1

[Event "Ch Club URS (team) (1/2 final)"]
[Site "masterchessopen.com – Roslavl (Russia)"]
[Round "0"]
[White "Lapshin Vladimir (RUS)"]
[Black "Mishchenko Victor (UKR)"]
[Result "1-0"]
[WhiteElo "2248"]
[BlackElo "2273"]

1.e4 c5 2.Nf3 Nc6 3.d4 cxd4 4.Nxd4 Nf6 5.Nc3 d6 6.Bc4 Qb6 7.Nb3 e6 8.O-O a6
9.a4 Be7 10.a5 Qc7 11.Be3 Ne5 12.Be2 Nc4 13.Bxc4 Qxc4 14.Bc5 Bd7 15.Bxd6 Nxe4
16.Nxe4 Qxe4 17.Bxe7 Kxe7 18.Qxd7+ {#r} 1-0

[Event "It (open)"]
[Site "masterchessopen.com – Bratislava (Slovakia)"]
[Round "6"]
[White "Zapolskis Antanas (LTU)"]
[Black "Szymczak Zbigniew (POL)"]
[Result "1-0"]
[WhiteElo "2327"]
[BlackElo "2345"]

1.e4 c5 2.Nf3 d6 3.d4 cxd4 4.Nxd4 Nf6 5.Nc3 Nc6 6.Bc4 Qb6 7.Nb3 e6 8.O-O a6
9.Be3 Qc7 10.Bd3 b5 11.f4 Be7 12.a3 Bb7 13.Kh1 O-O 14.Qf3 Nd7 15.Qh3 Nc5
16.Nxc5 dxc5 17.e5 h6 18.Rf3 Nxe5 19.fxe5 Bxf3 20.Qxf3 Qxe5 21.Bf4 Qf6 22.Qe4
g6 23.Bxh6 Rfd8 24.Rf1 Qh4 25.Rxf7 Qxh6 26.Rf3 g5 27.Rh3 {#r} 1-0

[Event "Tournament"]
[Site "masterchessopen.com – Chianciano Terme (Italy)"]
[Round "0"]
[White "Gaggiottini Manfredo (ITA)"]
[Black "Lanzani Mario (ITA)"]
[Result "0-1"]
[WhiteElo "2078"]
[BlackElo "2359"]

1.e4 c5 2.Nf3 Nc6 3.Nc3 d6 4.Bc4 Nf6 5.d4 cxd4 6.Nxd4 Qb6 7.Nf5 Nxe4 8.Qf3 Nf6
9.O-O Ne5 10.Bb5+ Qxb5 11.Nxb5 Nxf3+ 12.gxf3 Bxf5 13.Nc7+ Kd7 14.Nxa8 e6
15.Be3 Be7 16.Nb6+ axb6 17.Rfc1 Nd5 18.c4 Nxe3 19.fxe3 Bf6 {#R} 0-1

[Event "Ch Austria (1/2 final)"]
[Site "masterchessopen.com – Finkenstein (Austria)"]
[Round "0"]
[White "Steiner Bruno (AUT)"]
[Black "Kwatschewsky Leo (AUT)"]
[Result "0-1"]
[WhiteElo "2166"]
[BlackElo "2194"]

1.e4 c5 2.Nf3 d6 3.d4 cxd4 4.Nxd4 Nf6 5.Nc3 Nc6 6.Bc4 Qb6 7.Nb3 e6 8.O-O Be7
9.Bg5 Ne5 10.Bb5+ Bd7 11.Qd4 Qxd4 12.Nxd4 Nc6 13.Rfd1 h6 14.Be3 Ng4 15.Bc1 a6
16.Nxc6 Bxc6 17.Bxc6+ bxc6 18.f3 Nf6 19.Bf4 d5 20.exd5 cxd5 21.Na4 Rc8 22.Rac1
Rc4 23.b3 Rxf4 24.c3 O-O 25.Nb2 Ba3 26.Rc2 Bxb2 {#R} 0-1

[Event "It (open)"]
[Site "masterchessopen.com – Valencia (Spain)"]
[Round "0"]
[White "Arizmendi Martinez Julen L (ESP)"]
[Black "Makarichev Sergey (RUS)"]
[Result "0-1"]
[WhiteElo "2568"]
[BlackElo "2510"]

1.e4 c5 2.Nf3 Nc6 3.d4 cxd4 4.Nxd4 Nf6 5.Nc3 d6 6.Bc4 Bd7 7.O-O g6 8.f3 Nxd4
9.Qxd4 Bg7 10.Be3 O-O 11.Qd2 Qc7 12.Bb3 b5 13.a4 b4 14.Nb5 Qb7 15.Qf2 a6
16.Nd4 e5 17.Ne2 Be6 18.a5 Bxb3 19.cxb3 d5 20.Bc5 Rfc8 21.Ra4 Qb5 22.Rc1 Bh6
23.Be3 Bxe3 24.Qxe3 Rxc1+ 25.Nxc1 dxe4 26.fxe4 Ng4 27.Qb6 Qd7 {#R} 0-1

[Event "Staatsliga"]
[Site "masterchessopen.com – Austria"]
[Round "0"]
[White "Schlosser Michael (AUT)"]
[Black "Robatsch Karl (AUT)"]
[Result "1-0"]
[WhiteElo "2361"]
[BlackElo "2349"]

1.e4 c5 2.Nf3 d6 3.d4 cxd4 4.Nxd4 Nf6 5.Nc3 Nc6 6.Bc4 Bd7 7.O-O a6 8.Bb3 g6
9.Nxc6 Bxc6 10.Bg5 Bg7 11.Nd5 e6 12.Nxf6+ Bxf6 13.Bxf6 Qxf6 14.Qxd6 Qxb2
15.Rad1 Qf6 16.Bd5 Bxd5 17.exd5 Qe7 18.Qe5 O-O 19.d6 Qd7 20.c4 Rac8 21.c5 Rc6
22.Qe3 b6 23.cxb6 {#r} 1-0

[Event "Ch Yugoslavia"]
[Site "masterchessopen.com – Banja Vrucica (Bosnia & Herzegovina)"]
[Round "0"]
[White "Todorovic Goran M (SRB)"]
[Black "Pavlovic Milos (SRB)"]
[Result "0-1"]
[WhiteElo "2487"]
[BlackElo "2531"]

1.e4 c5 2.Nf3 Nc6 3.d4 cxd4 4.Nxd4 Nf6 5.Nc3 d6 6.Bc4 Qb6 7.Ndb5 a6 8.Be3 Qa5
9.Nd4 e6 10.O-O Be7 11.Bb3 O-O 12.f4 Bd7 13.f5 Nxd4 14.Bxd4 exf5 15.exf5 Bc6
16.Qe1 Rae8 17.Qg3 d5 18.Kh1 Qd8 19.Rad1 Bd6 20.Qd3 Be5 21.Bc5 Bd6 22.Bxd6
Qxd6 23.Bxd5 Nxd5 24.Nxd5 f6 25.Qb3 Kh8 26.Nf4 Qb8 27.Rd3 Qxf4 {#R} 0-1

[Event "Ch Yugoslavia (team)"]
[Site "masterchessopen.com – Cetinje (Montenegro)"]
[Round "4"]
[White "Ivanovic Bozidar (MNE)"]
[Black "Kozul Zdenko (CRO)"]
[Result "0-1"]
[WhiteElo "2418"]
[BlackElo "2560"]

1.e4 c5 2.Nf3 d6 3.d4 cxd4 4.Nxd4 Nf6 5.Nc3 Nc6 6.Bc4 Qb6 7.Nb3 e6 8.O-O a6
9.Be3 Qc7 10.f4 Be7 11.Qf3 O-O 12.Bd3 g6 13.Nd4 Bd7 14.Rae1 Rac8 15.Kh1 Kh8
16.Nxc6 Bxc6 17.Qh3 b5 18.e5 dxe5 19.fxe5 Qxe5 20.Bh6 Qd4 21.Rf4 Qd6 22.Rf2
Qb4 23.Bxg6 Qg4 24.Bxf8 Qxh3 25.Bxe7 Ng4 {#R} 0-1

[Event "Ch Denmark (team) 1991/92"]
[Site "masterchessopen.com – Denmark"]
[Round "2"]
[White "Christensen Jan (DEN)"]
[Black "Ziska Bogi (FAI)"]
[Result "1-0"]
[WhiteElo "2225"]
[BlackElo "2202"]

1.e4 c5 2.Nf3 Nc6 3.Nc3 d6 4.d4 cxd4 5.Nxd4 Nf6 6.Bc4 Qb6 7.Nb3 e6 8.Bf4 Ne5
9.Be2 Nxe4 10.Nxe4 Qb4+ 11.Nbd2 Ng6 12.c3 Qb6 13.Nc4 Qc6 14.Ncxd6+ {#r} 1-0

[Event "It (open)"]
[Site "masterchessopen.com – Dortmund (Germany)"]
[Round "5"]
[White "Kaimer Thomas (GER)"]
[Black "Maniocha Andrzej (POL)"]
[Result "0-1"]
[WhiteElo "2202"]
[BlackElo "2140"]

1.e4 c5 2.Nf3 d6 3.d4 cxd4 4.Nxd4 Nf6 5.Nc3 Nc6 6.Bc4 Qb6 7.Ndb5 a6 8.Be3 Qa5
9.Nd4 e6 10.O-O Be7 11.a4 O-O 12.Qd2 Kh8 13.h3 Qb4 14.Be2 Bd7 15.f4 Rac8
16.Qd3 Rfd8 17.Na2 Qa5 18.Nb3 Qc7 19.g4 d5 20.e5 Ne4 21.Bf3 Na5 22.Nxa5 Qxa5
23.b4 Qxa4 24.Bb6 Bb5 25.Qd1 Bxf1 26.Bxd8 Bxd8 27.Qxf1 Bb6+ {#R} 0-1

[Event "It \"]
[Site "masterchessopen.com – Gausdal (Norway)"]
[Round "0"]
[White "Coleman David (ENG)"]
[Black "Gronn Alte (NOR)"]
[Result "0-1"]
[WhiteElo "2295"]
[BlackElo "2320"]

1.e4 c5 2.Nf3 Nc6 3.d4 cxd4 4.Nxd4 Nf6 5.Nc3 d6 6.Bc4 Qb6 7.Nxc6 bxc6 8.O-O g6
9.Be3 Qxb2 10.Qd2 Qb4 11.Qd4 Qa5 12.Rab1 Bg7 13.Nd5 Bd7 14.Qxa7 Qxa7 15.Nxf6+
exf6 {#R} 0-1

[Event "It (open) \"]
[Site "masterchessopen.com – Jyvaskyla (Finland)"]
[Round "7"]
[White "Hintikka Eero (FIN)"]
[Black "Veingold Aleksandr (EST)"]
[Result "0-1"]
[WhiteElo "2110"]
[BlackElo "2473"]

1.e4 c5 2.Nf3 d6 3.d4 cxd4 4.Nxd4 Nf6 5.Nc3 Nc6 6.Bc4 Qb6 7.Nf5 Nxe4 8.Nxg7+
Bxg7 9.Nxe4 Bf5 10.Nd2 Nb4 11.Bb3 Qc6 12.O-O Nxc2 13.Bxc2 Bxc2 14.Qe1 O-O
15.Qxe7 Rfe8 16.Qg5 Bd3 17.Nb3 Bxf1 18.Nd4 {#R} 0-1

[Event "?"]
[Site "masterchessopen.com – Lombardia (Italy)"]
[Round "0"]
[White "Lazzarato Alberto (ITA)"]
[Black "Piemonti Carlo (ITA)"]
[Result "1-0"]
[WhiteElo "2109"]
[BlackElo "1986"]

1.e4 c5 2.Nf3 d6 3.d4 cxd4 4.Nxd4 Nf6 5.Nc3 Nc6 6.Bc4 Qb6 7.Nb3 e6 8.Bg5 Be7
9.Qe2 O-O 10.f4 h6 11.h4 Nd4 12.Nxd4 Qxb2 13.Kd2 d5 14.Rab1 Nxe4+ 15.Qxe4 Qxb1
16.Rxb1 {#r} 1-0

[Event "Ch France (accession)"]
[Site "masterchessopen.com – Montpellier (France)"]
[Round "11"]
[White "Salaun P"]
[Black "Verat Laurent (FRA)"]
[Result "0-1"]
[WhiteElo "2110"]
[BlackElo "2338"]

1.e4 c5 2.Nf3 d6 3.d4 cxd4 4.Nxd4 Nf6 5.Nc3 Nc6 6.Bc4 Qb6 7.Ndb5 a6 8.Be3 Qa5
9.Nd4 e6 10.O-O Be7 11.Bb3 O-O 12.Kh1 Bd7 13.f4 b5 14.e5 dxe5 15.Nxc6 Bxc6
16.fxe5 Nd7 17.Qh5 b4 18.Rxf7 Rxf7 19.Bxe6 Rf8 20.Bd4 bxc3 21.Rf1 Bd5 22.Rxf7
Bxe6 23.Rxe7 Rf1+ 24.Bg1 Rxg1+ {#R} 0-1

[Event "Ch Ukraine (team)"]
[Site "masterchessopen.com – Simferopol (Ukraine)"]
[Round "0"]
[White "Razmyslov Alexander (UKR)"]
[Black "Fish Gennadij (GER)"]
[Result "0-1"]
[WhiteElo "2443"]
[BlackElo "2492"]

1.e4 c5 2.Nf3 d6 3.d4 cxd4 4.Nxd4 Nf6 5.Nc3 Nc6 6.Bc4 Qb6 7.Ndb5 a6 8.Be3 Qa5
9.Nd4 Nxe4 10.Bxf7+ Kxf7 11.O-O Nxc3 12.Qf3+ Kg8 13.Nxc6 Qd5 {#R} 0-1

[Event "Ch Russia"]
[Site "masterchessopen.com – Smolensk (Russia)"]
[Round "0"]
[White "Zakhartsov Viacheslav V (RUS)"]
[Black "Ruban Vadim (RUS)"]
[Result "1-0"]
[WhiteElo "2580"]
[BlackElo "2575"]

1.e4 c5 2.Nf3 d6 3.d4 cxd4 4.Nxd4 Nf6 5.Nc3 Nc6 6.Bc4 Qb6 7.Nb3 e6 8.Be3 Qc7
9.f4 a6 10.Bd3 b5 11.Qf3 Bb7 12.O-O Be7 13.a4 b4 14.Ne2 Na5 15.Nxa5 Qxa5 16.g4
O-O 17.g5 Nd7 18.Nd4 g6 19.Qh3 Nc5 20.f5 exf5 21.Nxf5 gxf5 22.Rxf5 Qc7 23.Qh6
Nxd3 24.cxd3 Rfd8 25.Bd4 {#r} 1-0

[Event "Ch Moravia (juniors) (w)"]
[Site "masterchessopen.com – Valtice (Czech Republic)"]
[Round "2"]
[White "Cechalova Eva (CZE)"]
[Black "Blazkova Petra (CZE)"]
[Result "1-0"]
[WhiteElo "2110"]
[BlackElo "2174"]

1.e4 c5 2.Nf3 Nc6 3.d4 cxd4 4.Nxd4 Nf6 5.Nc3 d6 6.Bc4 Qb6 7.Nxc6 bxc6 8.O-O g6
9.h3 Bg7 10.Bb3 O-O 11.Be3 Qc7 12.f4 e6 13.Qf3 Kh8 14.Rad1 Bb7 15.e5 Ne8
16.exd6 Nxd6 17.Bc5 Rfd8 18.Rd2 Nb5 19.Rfd1 Rxd2 20.Rxd2 Nxc3 21.bxc3 Qa5
22.Qe3 Rd8 23.Bb6 {#r} 1-0

[Event "It"]
[Site "masterchessopen.com – Beer-Sheva (Israel)"]
[Round "11"]
[White "Lederer Yoav (ISR)"]
[Black "Gofshtein Zvulon (ISR)"]
[Result "0-1"]
[WhiteElo "2245"]
[BlackElo "2550"]

1.e4 c5 2.Nf3 d6 3.d4 cxd4 4.Nxd4 Nf6 5.Nc3 Nc6 6.Bc4 Qb6 7.Nb3 e6 8.O-O Be7
9.Bg5 a6 10.Kh1 Qc7 11.f4 h6 12.Bh4 b5 13.Bd3 Bb7 14.Qe2 g5 15.Bg3 gxf4
16.Bxf4 Ne5 17.Rad1 Nfd7 18.Nd4 b4 19.Nb1 Nxd3 20.cxd3 e5 21.Rc1 Qb6 22.Bg3
exd4 23.Rxf7 Kxf7 24.Qh5+ Kf8 25.Rf1+ Nf6 26.Bh4 Qb5 {#R} 0-1

[Event "It (open)"]
[Site "masterchessopen.com – Benidorm (Spain)"]
[Round "0"]
[White "Sion Castro Marcelino (ESP)"]
[Black "Piera Javier (ESP)"]
[Result "1-0"]
[WhiteElo "2390"]
[BlackElo "2129"]

1.e4 c5 2.Nf3 Nc6 3.d4 cxd4 4.Nxd4 Nf6 5.Nc3 d6 6.Bc4 Bd7 7.O-O Rc8 8.Bb3 g6
9.Nxc6 bxc6 10.f4 Bg7 11.e5 Ng4 12.e6 Qb6+ 13.Kh1 Nf2+ 14.Rxf2 Qxf2 15.exd7+
Kxd7 16.Ne4 Qb6 17.Bxf7 Rcf8 18.Qg4+ Kc7 19.Qe6 {#r} 1-0

[Event "Ch Czechoslovakia (team) 1991/92"]
[Site "masterchessopen.com – Czechoslovakia"]
[Round "0"]
[White "Nemec Pavel (CZE)"]
[Black "Mista Ladislav (CZE)"]
[Result "1-0"]
[WhiteElo "1774"]
[BlackElo "2158"]

1.e4 c5 2.Nf3 d6 3.d4 cxd4 4.Nxd4 Nf6 5.Nc3 Nc6 6.Bc4 Bd7 7.O-O g6 8.Bg5 Bg7
9.h3 O-O 10.Nf3 Rc8 11.Bb3 a6 12.Re1 Na5 13.Nd5 Nxb3 14.Bxf6 Nxa1 15.Nxe7+ Kh8
16.Nxg6+ fxg6 17.Bxd8 Nxc2 18.Re2 {#r} 1-0

[Event "Ch Denmark (team) 1991/92"]
[Site "masterchessopen.com – Denmark"]
[Round "5"]
[White "Jorgensen Brian Jorgen (DEN)"]
[Black "Ziska Bogi (FAI)"]
[Result "1-0"]
[WhiteElo "2252"]
[BlackElo "2202"]

1.e4 c5 2.Nf3 Nc6 3.d4 cxd4 4.Nxd4 Nf6 5.Nc3 d6 6.Bc4 Qb6 7.Nb3 e6 8.Be3 Qc7
9.Bd3 a6 10.f4 b5 11.Qf3 e5 12.f5 Nb4 13.g4 d5 14.exd5 Bb7 15.Be4 Rd8 16.Rd1
Nxc2+ 17.Bxc2 Nxd5 18.Be4 Nxe3 19.Rxd8+ Kxd8 20.Qxe3 {#r} 1-0

[Event "Memorial J.Capablanca (b)"]
[Site "masterchessopen.com – Habana (Cuba)"]
[Round "0"]
[White "Hernandez Gilberto (MEX)"]
[Black "Armas Jorge (CUB)"]
[Result "1-0"]
[WhiteElo "2480"]
[BlackElo "2381"]

1.e4 c5 2.Nf3 Nc6 3.d4 cxd4 4.Nxd4 Nf6 5.Nc3 d6 6.Bc4 Bd7 7.Nxc6 Bxc6 8.Qe2 g6
9.Bg5 Bg7 10.O-O-O Qa5 11.h4 O-O 12.Kb1 Rfc8 13.Bb3 b5 14.h5 b4 15.Nd5 Bxd5
16.exd5 e5 17.hxg6 hxg6 18.Qf3 Nd7 19.Qh3 f5 20.g4 f4 21.Bh6 {#r} 1-0

[Event "It (open)"]
[Site "masterchessopen.com – Karvina (Czech Republic)"]
[Round "2"]
[White "Golubev Mikhail (UKR)"]
[Black "Kolesar Milan (SVK)"]
[Result "1-0"]
[WhiteElo "2489"]
[BlackElo "2175"]

1.e4 c5 2.Nf3 d6 3.d4 cxd4 4.Nxd4 Nf6 5.Nc3 Nc6 6.Bc4 Qb6 7.Nb3 e6 8.Be3 Qc7
9.Bd3 Be7 10.f4 a6 11.Qf3 b5 12.g4 b4 13.Na4 Rb8 14.g5 Nd7 15.O-O-O Na5
16.Nxa5 Qxa5 17.b3 Bb7 18.Qh3 d5 19.g6 Nf6 20.gxf7+ Kxf7 21.Bb6 {#r} 1-0

[Event "It (open)"]
[Site "masterchessopen.com – Katerini (Greece)"]
[Round "0"]
[White "Vardakas Stefanos (GRE)"]
[Black "Bellin Robert (ENG)"]
[Result "0-1"]
[WhiteElo "2002"]
[BlackElo "2385"]

1.e4 c5 2.Nf3 Nc6 3.d4 cxd4 4.Nxd4 Nf6 5.Nc3 d6 6.Bc4 Qb6 7.Ndb5 a6 8.Na3 e6
9.Bb3 Qc7 10.f3 b5 11.Ne2 Be7 12.O-O Na5 13.Qd3 O-O 14.f4 Bb7 15.Ng3 Rac8
16.Bd2 b4 17.Nb1 Nxb3 18.cxb3 d5 19.e5 Ne4 20.Nxe4 dxe4 21.Qg3 Qb6+ 22.Kh1 Rc2
23.Be3 Bc5 24.Rc1 Rxc1+ 25.Bxc1 Bf2 26.Qg4 e3 {#R} 0-1

[Event "Ch Netherlands (open)"]
[Site "masterchessopen.com – Netherlands"]
[Round "8"]
[White "Hendriks Willy (NED)"]
[Black "Cifuentes Parada Roberto (ESP)"]
[Result "0-1"]
[WhiteElo "2320"]
[BlackElo "2490"]

1.e4 c5 2.Nf3 Nc6 3.d4 cxd4 4.Nxd4 Nf6 5.Nc3 d6 6.Bc4 Qb6 7.Nb3 e6 8.Be3 Qc7
9.Bd3 a6 10.a4 b6 11.f4 Be7 12.Qf3 Bb7 13.O-O Nb4 14.Qg3 O-O 15.Rae1 Nd7
16.Nd4 Rae8 17.Kh1 Kh8 18.Qh3 Nc5 19.Bd2 Qd7 20.Rf3 Nbxd3 21.cxd3 Bf6 22.Nde2
g6 23.Ng3 Bg7 24.Ref1 f5 25.Re1 d5 {#R} 0-1

[Event "Ch Netherlands (juniors) (under 20)"]
[Site "masterchessopen.com – Nijmegen (Netherlands)"]
[Round "0"]
[White "Van Beek Lucien (NED)"]
[Black "Smit Erik (NED)"]
[Result "1-0"]
[WhiteElo "2333"]
[BlackElo "2285"]

1.e4 c5 2.Nf3 Nc6 3.d4 cxd4 4.Nxd4 d6 5.Nc3 Nf6 6.Bc4 g6 7.O-O Bg7 8.f4 O-O
9.Nb3 Qb6+ 10.Kh1 Ng4 11.Qf3 Nd4 12.Nxd4 Qxd4 13.Bb3 Qc5 14.Nd5 Re8 15.h3 Nf6
16.f5 a5 17.Be3 Qc6 18.fxg6 hxg6 19.Bg5 Be6 20.Nxe7+ Rxe7 21.Bxf6 Bxf6 22.Qxf6
Qd7 23.Rf4 Bxb3 24.Rh4 {#r} 1-0

[Event "It (open)"]
[Site "masterchessopen.com – Paris (France)"]
[Round "3"]
[White "Lamoureux Charles (FRA)"]
[Black "Dextre Eric (FRA)"]
[Result "1-0"]
[WhiteElo "2352"]
[BlackElo "2160"]

1.e4 c5 2.Nf3 Nc6 3.d4 cxd4 4.Nxd4 Nf6 5.Nc3 d6 6.Bc4 Qb6 7.Nb3 e6 8.O-O Be7
9.Be3 Qc7 10.f4 a6 11.Be2 b5 12.a3 Bb7 13.Bf3 O-O 14.Qd2 Rfe8 15.Qf2 Rac8
16.Rad1 Nd7 17.Ne2 Na5 18.Nbd4 Nc4 19.Bc1 Bf8 20.Kh1 Nc5 21.Ng3 e5 22.Nde2 Nb6
23.Nc3 {#r} 1-0

[Event "It (open)"]
[Site "masterchessopen.com – Philadelphia (USA)"]
[Round "0"]
[White "Rogers Norman (USA)"]
[Black "Karklins Andrew (USA)"]
[Result "0-1"]
[WhiteElo "2182"]
[BlackElo "2205"]

1.e4 c5 2.Nf3 Nc6 3.d4 cxd4 4.Nxd4 Nf6 5.Nc3 d6 6.Bc4 Bd7 7.Bb3 g6 8.f3 Nxd4
9.Qxd4 Bg7 10.Bg5 O-O 11.Qd2 b5 12.O-O-O Bc6 13.Bh6 a5 14.Bxg7 Kxg7 15.Kb1 Rc8
16.h4 a4 17.Bd5 b4 18.Ne2 Bxd5 19.exd5 b3 20.axb3 axb3 21.cxb3 Rc5 22.Nf4 Qa8
23.Rc1 Ra5 24.Qd4 Rc8 25.Rxc8 Ra1+ {#R} 0-1

[Event "Cup Croatia"]
[Site "masterchessopen.com – Pula (Croatia)"]
[Round "3"]
[White "Dusper Hrvoje (CRO)"]
[Black "Lamza Nenad (CRO)"]
[Result "0-1"]
[WhiteElo "2191"]
[BlackElo "2230"]

1.e4 c5 2.Nf3 d6 3.d4 cxd4 4.Nxd4 Nf6 5.Nc3 Nc6 6.Bc4 g6 7.Nxc6 bxc6 8.e5 Ng4
9.e6 f5 10.Qd4 Nf6 11.g4 fxg4 12.Bg5 Bg7 13.O-O-O O-O 14.Qxd6 Qxd6 15.Rxd6
exd6 16.e7+ d5 17.Bxf6 Bxf6 18.exf8=Q+ Kxf8 19.Bd3 Bd7 20.Rf1 Kg7 21.f4 gxf3
22.Rxf3 Rf8 23.Be2 Be5 24.Rxf8 Kxf8 25.Na4 Bxh2 26.c4 {#R} 0-1

[Event "Ch Europe (juniors)"]
[Site "masterchessopen.com – Rimavska Sobota (Slovakia)"]
[Round "0"]
[White "Basrak Srdjan (CRO)"]
[Black "Tschurl Martin (AUT)"]
[Result "0-1"]
[WhiteElo "2256"]
[BlackElo "2041"]

1.e4 c5 2.Nf3 Nc6 3.d4 cxd4 4.Nxd4 Nf6 5.Nc3 d6 6.Bc4 Qb6 7.Nb3 g6 8.Qe2 Bg7
9.Be3 Qc7 10.O-O-O O-O 11.Nd4 a6 12.f3 b5 13.Bb3 Na5 14.g4 Nxb3+ 15.Nxb3 Be6
16.h4 Bc4 17.Qg2 a5 18.h5 a4 19.hxg6 axb3 20.gxh7+ Kh8 21.axb3 b4 22.Nd5 Nxd5
23.exd5 Bxb3 24.Kb1 Bxb2 {#R} 0-1

[Event "Tournament (juniors)"]
[Site "masterchessopen.com – Tomo Zupan (Slovenia)"]
[Round "0"]
[White "Susnik Matej (SLO)"]
[Black "Belec I"]
[Result "1-0"]
[WhiteElo "2125"]
[BlackElo "1850"]

1.e4 c5 2.Nf3 d6 3.d4 cxd4 4.Nxd4 Nf6 5.Nc3 Nc6 6.Bc4 g6 7.Nxc6 bxc6 8.e5 Ng4
9.exd6 Qxd6 10.Qe2 Bf5 11.h3 Nf6 12.O-O Nd5 13.Bxd5 cxd5 14.Qb5+ Qd7 15.Qxd5
Bxc2 16.Qxa8+ {#r} 1-0

[Event "It (open)"]
[Site "masterchessopen.com – Kecskemet (Hungary)"]
[Round "11"]
[White "Rechner Klaus (GER)"]
[Black "Sarosi Zoltan (HUN)"]
[Result "0-1"]
[WhiteElo "2255"]
[BlackElo "2297"]

1.e4 c5 2.Nf3 Nc6 3.d4 cxd4 4.Nxd4 Nf6 5.Nc3 d6 6.Bc4 Qb6 7.Nde2 e6 8.Bb3 Be7
9.Be3 Qc7 10.O-O a6 11.Ng3 b5 12.f4 h5 13.Qf3 Ng4 14.Rae1 Nxe3 15.Qxe3 Qa7
16.Qxa7 Rxa7 17.Nge2 Na5 18.Rd1 Rc7 19.Rd2 Bb7 20.e5 dxe5 21.fxe5 Nxb3 22.axb3
h4 23.h3 Rh5 {#R} 0-1

[Event "Ch City"]
[Site "masterchessopen.com – Aarhus (Denmark)"]
[Round "7"]
[White "Rewitz Poul (DEN)"]
[Black "Ziska Bogi (FAI)"]
[Result "1-0"]
[WhiteElo "2298"]
[BlackElo "2202"]

1.e4 c5 2.Nf3 Nc6 3.d4 cxd4 4.Nxd4 Nf6 5.Nc3 d6 6.Bc4 Qb6 7.Nb3 e6 8.O-O a6
9.Bg5 Qc7 10.Bxf6 gxf6 11.Qh5 b5 12.Bd3 Bb7 13.f4 O-O-O 14.Kh1 Kb8 15.f5 b4
16.Nd1 e5 17.Ne3 Nd4 18.Nxd4 exd4 19.Nd5 Bxd5 20.exd5 Re8 21.Qh4 Bg7 22.Qxd4
a5 23.a3 bxa3 24.Rxa3 Re5 25.Rb3+ Ka8 26.Bb5 {#r} 1-0

[Event "It \"]
[Site "masterchessopen.com – Belgrade (Yugoslavia)"]
[Round "9"]
[White "Arsovic Aleksandar (SRB)"]
[Black "Zontakh Andrey (UKR)"]
[Result "0-1"]
[WhiteElo "2205"]
[BlackElo "2455"]

1.e4 c5 2.Nf3 Nc6 3.d4 cxd4 4.Nxd4 Nf6 5.Nc3 d6 6.Bc4 Qb6 7.Nde2 e6 8.O-O a6
9.Bb3 Be7 10.Be3 Qc7 11.Ng3 b5 12.f4 Na5 13.f5 Nxb3 14.axb3 Bb7 15.Nh5 O-O
16.Bg5 Nxh5 17.Bxe7 Qxe7 18.Qxh5 exf5 19.exf5 Rac8 20.f6 Qe3+ 21.Kh1 Rc5
22.Qh4 Rg5 23.Rg1 Re8 24.h3 Qd2 {#R} 0-1

[Event "It \"]
[Site "masterchessopen.com – Belgrade (Yugoslavia)"]
[Round "3"]
[White "Milijanovic Goran (SRB)"]
[Black "Makarov Marat (RUS)"]
[Result "0-1"]
[WhiteElo "2158"]
[BlackElo "2515"]

1.e4 c5 2.Nf3 Nc6 3.d4 cxd4 4.Nxd4 Nf6 5.Nc3 d6 6.Bc4 Qb6 7.Nb3 e6 8.O-O Be7
9.Be3 Qc7 10.f4 a6 11.a4 b6 12.Bd3 O-O 13.Qe2 Bb7 14.g4 Rfe8 15.g5 Nd7 16.h4
Bf8 17.h5 Nc5 18.Nxc5 bxc5 19.Qg4 Nb4 20.f5 exf5 21.Qxf5 Re5 22.Qxe5 dxe5
23.Bc4 Nxc2 24.g6 Nxe3 25.Rxf7 Qc8 26.gxh7+ Kxh7 {#R} 0-1

[Event "It (open)"]
[Site "masterchessopen.com – Berga (Spain)"]
[Round "4"]
[White "Adla Diego (ARG)"]
[Black "Van Oosterom Joop (NED)"]
[Result "1-0"]
[WhiteElo "2455"]
[BlackElo "2260"]

1.e4 c5 2.Nf3 d6 3.d4 cxd4 4.Nxd4 Nf6 5.Nc3 Nc6 6.Bc4 Qb6 7.Nb3 e6 8.f4 a6
9.Qf3 d5 10.exd5 Nb4 11.Qe2 Qc7 12.O-O Nxc2 13.dxe6 Nxa1 14.exf7+ Kd8 15.Rd1+
Bd6 16.Qe5 Bd7 17.Rxd6 Qxc4 18.Rxf6 Rf8 19.Nd5 {#r} 1-0

[Event "It (open)"]
[Site "masterchessopen.com – Cannes (France)"]
[Round "0"]
[White "Lamoureux Charles (FRA)"]
[Black "Spraggett Kevin (CAN)"]
[Result "0-1"]
[WhiteElo "2380"]
[BlackElo "2555"]

1.e4 c5 2.Nf3 d6 3.d4 cxd4 4.Nxd4 Nf6 5.Nc3 Nc6 6.Bc4 Qb6 7.Nb3 e6 8.O-O a6
9.Be3 Qc7 10.f4 b5 11.Bd3 Be7 12.Qf3 Bb7 13.Kh1 Rc8 14.Qh3 Nb4 15.a3 Nxd3
16.cxd3 O-O 17.Rac1 e5 18.Nd2 Qd7 19.Qf3 a5 20.Qd1 Bc6 21.d4 b4 22.axb4 axb4
23.Ncb1 Nxe4 24.d5 Bxd5 25.fxe5 Ng3+ 26.Kg1 Nxf1 27.Nxf1 dxe5 {#R} 0-1

[Event "Olympiad (corr.)"]
[Site "masterchessopen.com – corr."]
[Round "0"]
[White "Nimtz Manfred Dr (GER)"]
[Black "Gostisa Leon (SLO)"]
[Result "1-0"]
[WhiteElo "2224"]
[BlackElo "2460"]

1.e4 c5 2.Nf3 Nc6 3.d4 cxd4 4.Nxd4 Nf6 5.Nc3 d6 6.Bc4 Qb6 7.Nb3 e6 8.O-O Be7
9.Be3 Qc7 10.f4 O-O 11.Bd3 a6 12.g4 b5 13.g5 Nd7 14.Qh5 Re8 15.Rf3 Nf8 16.Raf1
b4 17.Ne2 g6 18.Qh6 f5 19.Ned4 Bd8 20.exf5 Nxd4 21.Bxd4 exf5 22.Bc4+ Be6
23.Re3 Bxg5 24.Qxg5 {#r} 1-0

[Event "It (open)"]
[Site "masterchessopen.com – Hamburg (Germany)"]
[Round "6"]
[White "Buenermann Volker (GER)"]
[Black "Szymczak Zbigniew (POL)"]
[Result "1-0"]
[WhiteElo "2313"]
[BlackElo "2335"]

1.e4 c5 2.Nf3 d6 3.d4 cxd4 4.Nxd4 Nf6 5.Nc3 Nc6 6.Bc4 Qb6 7.Nb3 e6 8.Be3 Qc7
9.f4 a6 10.Bd3 b5 11.Qf3 Bb7 12.O-O Be7 13.Rae1 O-O 14.Qh3 Nb4 15.a3 Nxd3
16.cxd3 Rac8 17.Nd4 g6 18.f5 e5 19.fxg6 exd4 20.Rxf6 hxg6 21.Bxd4 Bxf6 22.Bxf6
Qc5+ 23.Re3 Qh5 24.Qd7 Qh6 25.Qh3 Qh5 26.g4 {#r} 1-0